000 00677nam a2200205Ia 4500
005 20260121110048.0
008 008 260114s9999 xx 000 0 hin d
020 _a9788132354468
037 _aEBOOK
040 _aCRL
_bhin
_cCRL
041 _ahin
_2hin
084 _qCRL
100 _aसुमन प्रसाद / Suman Prasad
_9941576
245 0 _aभौतिकीय प्रकाशिकी एवं लेजर / Bhoutik Prakashiki aur Laser
260 _bभाषा प्रकाशन / Bhasha Prakashan
_c2020
856 _uhttps://bhashaprakashan.com/product-details/382643
942 _cEBOOK
999 _c1533241
_d1533241